श्रीमंत रखमाबाई साहेब यांचे चरित्र (Record no. 90221)

MARC details
000 -LEADER
fixed length control field 00712nam a2200169Ia 4500
008 - FIXED-LENGTH DATA ELEMENTS--GENERAL INFORMATION
fixed length control field 090124s9999 xx 000 0 und d
082 ## - DEWEY DECIMAL CLASSIFICATION NUMBER
Item number 19863
100 ## - MAIN ENTRY--PERSONAL NAME
Personal name किवे कमलाबाई देव
245 ## - TITLE STATEMENT
Title श्रीमंत रखमाबाई साहेब यांचे चरित्र
250 ## - EDITION STATEMENT
Edition statement 0
300 ## - PHYSICAL DESCRIPTION
Extent "14,18"
600 ## - SUBJECT ADDED ENTRY--PERSONAL NAME
Personal name किवे कमलाबाई देव
630 ## - SUBJECT ADDED ENTRY--UNIFORM TITLE
Uniform title श्रीमंत रखमाबाई साहेब यांचे चरित्र
700 ## - ADDED ENTRY--PERSONAL NAME
Personal name किवे कमलाबाई देव
730 ## - ADDED ENTRY--UNIFORM TITLE
Uniform title श्रीमंत रखमाबाई साहेब यांचे चरित्र
942 ## - ADDED ENTRY ELEMENTS (KOHA)
Koha item type Book
Holdings
Withdrawn status Lost status Damaged status Not for loan Home library Current library Date acquired Cost, normal purchase price Total Checkouts Full call number Barcode Date last seen Cost, replacement price Price effective from Koha item type
        Nagar Wachan Mandir, Thane Nagar Wachan Mandir, Thane   5.00   19863 THNNWM-19863 01/24/2009 5.00 01/24/2009 Book